| 000 | 02860cam a22006374i 4500 | ||
|---|---|---|---|
| 003 | PE-LiUPU | ||
| 005 | 20250731170424.0 | ||
| 008 | 181121s2007 mx rb 000 0 spa d | ||
| 020 | _a9682482887 | ||
| 020 | _a9789682482885 | ||
| 035 | _a(Sirsi) a250751 | ||
| 040 |
_aPE-LiUPU _bspa _cPE-LiUPU _erda |
||
| 049 | _aPRUA | ||
| 082 | 0 | 4 |
_a174.20972 _bG23 _220 |
| 245 | 0 | 0 |
_aÉtica médica : _bel médico en su relación con el laboratorio clínico / _cEdición Gabriel García Colorado. |
| 250 | _aPrimera edición. | ||
| 264 | 1 |
_aMéxico : _bTrillas, _c2007. |
|
| 300 |
_a78 páginas ; _c23 centímetros |
||
| 336 |
_atext _2rdacontent |
||
| 337 |
_aunmediated _2rdamedia |
||
| 338 |
_avolume _2rdacarrier |
||
| 504 | _aBibliografía : página 34 | ||
| 505 | 0 | _aCompetencia laboral: la base de la formación y el ejercicio profesional del químico clínico - Profesionalización -- Competencia profesional -- Formación de recursos humanos para el laboratorio clínico -- Importancia de la educación continua para la competencia profesional (actualización y capacitación) -- Situación actual en la formación y ejercicios profesionales de los químicos clínicos -- Problemática y solución -- Ética en medicina y en el laboratorio clínico. Hacia un modelo de buenas prácticas -- Ética de la industria del laboratorio clínico y sus vínculos con la medicina -- Ética empresarial, responsabilidad para evitar la corrupción en salud -- Propuesta legislativa -- Aspectos éticos en la prestación de servicios de laboratorio clínico en México -- La dicotomía en los laboratorios clínicos -- Conflictos de intereses -- Laboratorios "secos" -- Estudios realizados por los fabricantes -- La publicidad. | |
| 526 | _aSEG68 | ||
| 526 | _aSEG70 | ||
| 526 | _aSEG69 | ||
| 526 | _aSEG67 | ||
| 526 | _aSEG43 | ||
| 526 | _aP144 | ||
| 526 | _aP143 | ||
| 526 | _aP131 | ||
| 526 | _aP122 | ||
| 526 | _aP120 | ||
| 526 | _aP117 | ||
| 526 | _aP112 | ||
| 526 | _aP110 | ||
| 526 | _aP106 | ||
| 526 | _aP101 | ||
| 526 | _aP80 | ||
| 526 | _aP59 | ||
| 526 | _aP54 | ||
| 526 | _aP35 | ||
| 526 | _aP33 | ||
| 526 | _aP30 | ||
| 541 | _g002-00000600; | ||
| 650 | 0 | 4 |
_aEtíca médica _zMéxico. |
| 650 | 0 | 4 |
_aMedicos _xÉtica profecional. |
| 650 | 0 | 4 |
_aLaboratorios médicos _zMéxico. |
| 650 | 0 | 4 |
_aMedicina _xLeyes y legislación _zMéxico. |
| 700 | 1 |
_aGarcía Colorado, Gabriel, _eeditor. |
|
| 910 |
_adbm _bcsm _ccsm _d20181121 |
||
| 942 |
_2ddc _cBOOK |
||
| 994 |
_aC0 _bPEPRU |
||
| 596 | _a1 | ||
| 999 |
_a174.20972 G23 _wDEWEY _c30225 _i79163 _f2021-11-3 _g4 _lCCODEBUL1 _mBUL _p10.07 _r0 _sY _tBOOK _u2018-11-21 _xSALUD _zP69 _0COMPRA _1FCOMPR2 _o.STAFF. Colección Ciencias de la Salud _d30225 |
||
| 980 |
_81 _gALBERTO SANCHEZ Responsable de Automatización |
||